000 00753nam a2200289Ia 4500
005 20260324135823.0
008 008 260324s9999 xx 000 0 eng d
020 _a9780203979884
037 _aEBOOK
040 _aCRL
040 _beng
040 _cCRL
041 _2eng
041 _aeng
084 _qCRL
100 _aJeanette Edwards; Sarah Franklin; Frances Price; Marilyn Strathern; Eric Hirsch
_91202045
245 0 _aTechnologies of Procreation
245 0 _bKinship in the Age of Assisted Conception
260 _bTaylor and Francis
260 _c1999
365 _a
365 _b300
856 _uhttp://www.taylorfrancis.com/books/9780203979884
942 _cEBOOK
999 _c1803510
_d1803510